Quarterly energy statistics (Record no. 114804)

MARC details
000 -LEADER
fixed length control field 01249cad a22001935a 4500
001 - CONTROL NUMBER
control field L157500
008 - FIXED-LENGTH DATA ELEMENTS--GENERAL INFORMATION
fixed length control field 121221s2012 xxk f 000 0 eng d
035 ## - SYSTEM CONTROL NUMBER
System control number (Sirsi) u157500
041 0# - LANGUAGE CODE
Language code of text/sound track or separate title eng
110 2# - MAIN ENTRY--CORPORATE NAME
Corporate name or jurisdiction name as entry element United Kingdom
Subordinate unit Department of Energy and Climate Change
9 (RLIN) 5850
245 00 - TITLE STATEMENT
Title Quarterly energy statistics
Remainder of title Energy trends and quarterly energy prices
Medium [electronic resource]
260 ## - PUBLICATION, DISTRIBUTION, ETC.
Place of publication, distribution, etc. London
Name of publisher, distributor, etc. DECC
Date of publication, distribution, etc. 2012
520 ## - SUMMARY, ETC.
Summary, etc. Energy Trends covers statistics on energy production and consumption, in total and by fuel. Also provides an analysis of the year on year changes and a section on renewables. The main points for the 3rd quarter of 2012 include indigenous production of fuels in the UK falling by 7.3 % in the third quarter of 2012 compared with a year earlier while total primary energy consumption for energy uses rose by 1.2%. Of electricity generated in the third quarter of 2012, gas accounted for 28.2% (it?s lowest third quarter share for 14 years) due to high prices.
590 ## - LOCAL NOTE (RLIN)
Local note KA
651 #4 - SUBJECT ADDED ENTRY--GEOGRAPHIC NAME
Geographic name United Kingdom
690 ## - LOCAL SUBJECT ADDED ENTRY--TOPICAL TERM (OCLC, RLIN)
Topical term or geographic name as entry element Energy
9 (RLIN) 6237
856 40 - ELECTRONIC LOCATION AND ACCESS
Uniform Resource Identifier <a href="https://www.decc.gov.uk/assets/decc/11/stats/publications/energy-trends/7364-pn-12165-energy-statistics.pdf">https://www.decc.gov.uk/assets/decc/11/stats/publications/energy-trends/7364-pn-12165-energy-statistics.pdf</a>
Public note View the item free of charge at www.decc.gov.uk
942 ## - ADDED ENTRY ELEMENTS (KOHA)
Suppress in OPAC 0
Holdings
Withdrawn status Lost status Source of classification or shelving scheme Damaged status Not for loan Home library Current library Shelving location Date acquired Total Checkouts Full call number Barcode Date last seen Copy number Price effective from Koha item type
    Dewey Decimal Classification     Virtual Virtual Online 21/12/2012   ONLINE PUBLICATION 157500-2001 06/08/2019 1 06/08/2019 Book